Leonardo da Vinci: cuadernos

Saved in:
Bibliographic Details
Main Author: Suh, H. Anna (Author)
Format: Book
Language:Spanish
Published: Bath Parragon Books 2006
Subjects:
Tags: Add Tag
No Tags, Be the first to tag this record!

MARC

LEADER 00000nam a2200000 a 4500
001 UCI7312
003 CL-VaPUC
005 20240425101852.0
008 080619e20060000uk |||||||||||||||||spa|d
999 |c 330633  |d 330631 
020 |a 1405467576 
040 |c Pontificia Universidad Católica de Valparaíso 
082 0 4 |a 759.5  |b SUH  |2 21 
100 0 |a Suh, H. Anna  |e author  |9 530523 
245 1 0 |a Leonardo da Vinci: cuadernos 
260 |a Bath  |b Parragon Books  |c 2006 
300 |a 334 p 
583 |a last modification  |c 20171204 12:39:43  |k Rodrigo Vera 
600 0 |a Da Vinci, Leonardo  |d 1452-1519  |9 561227 
650 0 |a Pintura italiana  |9 265293 
650 7 |a ESCULTURA ITALIANA  |2 CL-VaPUC  |9 329274 
650 0 |a Arquitectura italiana  |9 345013 
650 0 |a Pintores italianos  |9 265277 
942 |c BK  |2 ddc 
945 |d 20080619 00:00:00  |a jtorresc 
952 |0 0  |1 0  |4 0  |6 759_500000000000000_SUH_2006  |7 0  |8 A  |9 416284  |a BIBARQ  |b BIBARQ  |d 2019-11-22  |i 4450833  |l 1  |o 759.5 SUH 2006  |p 4450833  |r 2025-01-20  |s 2023-09-25  |w 2019-11-22  |y BK  |k ARQ